005990000a2200181000450024501460000065000260014665000100017265000270018265100140020965100110022365300230023404100130025770000230027070000210029370000160031410000250033077300620035510aDiscrimination between Atlantic Salmon () of North American and European origin using restriction analyses of mitochondrial DNA14aAnálisis genético14aPeces14aVariaciones genética 4pAmérica 4pEuropa gSalmoeSalmo salar0 aInglés1 aForbes, Stephen H.1 aFriedland, Kevin1 aPla, Carles1 aBermingham, Eldredge1 tCanadian Journal Aquatic Sciences3636q884-893d1991g48